Girl on a motorcycle

Uloženo v:
Podrobná bibliografie
Hlavní autor: EscottJ, John
Médium: Kniha
Jazyk:Undetermined
Vydáno: Oxford Oxford University Press, 2008
Témata:
Tagy: Přidat tag
Žádné tagy, Buďte první, kdo otaguje tento záznam!
Thư viện lưu trữ: Trung tâm Học liệu Trường Đại học Cần Thơ
LEADER 00564nam a2200193Ia 4500
001 CTU_190491
008 210402s9999 xx 000 0 und d
082 |a 428.4 
082 |b E74 
100 |a EscottJ, John 
245 0 |a Girl on a motorcycle 
245 0 |c John Escott ; Kevin Hopgood 
260 |a Oxford 
260 |b Oxford University Press, 
260 |c 2008 
650 |a Reading comprehension,Short stories.,Truyện ngắn 
650 |x Problems, exercises, etc. 
904 |i Tuyến 
980 |a Trung tâm Học liệu Trường Đại học Cần Thơ